Statistiques concernant YOU saison 3 (spoilers)

Cliquez ici pour prendre le quiz!

Statistiques générales

  • Ce quiz a été pris 21 fois
  • Le résultat moyen est 5 sur 13

Statistiques - réponses

HintRéponse% Correct
Nom et prénom du personnage masculin principal ?Joe Goldberg
89%
Où Joe travaille t-il ?Bibliothèque
67%
Quel est le prénom de la patronne du personnage masculin principal ?Marienne
50%
Nom et prénom de l'acteur principal ?Penn Badgley
50%
Nom et prénom du personnage féminin principal ?Love Quinn-Goldberg
44%
Dans quel quartier vivent-ils ?Madre Linda
39%
Quel est le nom de la pâtisserie de Love ?A fresh tart
33%
Qui est le jeune homme amoureux de Love ?Theo Engler
33%
Comment s'appelle la femme tuée par Love dans la pâtisserie ?Natalie Engler
28%
Prénom de la meilleure amie du personnage pricipal féminin ?Sherry
28%
Nom de la plante administrée au personnage principal dans le dernier épisode ?Aconite
22%
Comment s'appelle son père ?Matthew Engler
22%
Nom et prénom de l'actrice principale ?Victoria Pedretti
22%

Distribution des résultats

Percentile par nombre de réponses

% des personnes avec chaque résultat

Votre développement - résultats

Vous n’avez pas pris ce quiz